Statistics for College Football Stadiums (FBS)

Click here to take the quiz!

General Stats

  • This quiz has been taken 243 times
    (200 since last reset)
  • The average score is 57 of 131

Answer Stats

StadiumSchool Name% Correct
Aloha StadiumHawaii
93%
Arizona StadiumArizona
88%
Notre Dame StadiumNotre Dame
83%
Rose BowlUCLA
81%
Bryant-Denny StadiumAlabama
80%
Sun Devil StadiumArizona State
80%
Los Angeles Memorial ColiseumUSC
80%
Memorial Stadium (KS)Kansas
79%
Spartan Stadium (MI)Michigan State
79%
Ohio StadiumOhio State
79%
Gaylord Family Oklahoma Memorial StadiumOklahoma
79%
FAU StadiumFlorida Atlantic
78%
FIU StadiumFlorida International
78%
Memorial Stadium (IL)Illinois
78%
Colorado State StadiumColorado State
77%
Georgia State Stadium at Turner FieldGeorgia State
77%
Memorial Stadium (IN)Indiana
77%
Memorial Stadium (NE)Nebraska
77%
Rice StadiumRice
77%
Memorial Stadium (SC)Clemson
76%
Michigan StadiumMichigan
76%
Stanford StadiumStanford
76%
Navy-Marine Crops Memorial StadiumNavy
75%
AlamodomeUTSA
75%
Vanderbilt StadiumVanderbilt
75%
Donald W. Reynolds Razorback StadiumArkansas
74%
Tiger StadiumLSU
73%
Kyle FieldTexas A&M
73%
Autzen StadiumOregon
72%
Beaver StadiumPenn State
72%
Heinz FieldPittsburgh
72%
Camp Randall StadiumWisconsin
71%
Bronco StadiumBoise State
70%
California Memorial StadiumCalifornia
70%
Spartan Stadium (CA)San Jose State
70%
Carrier DomeSyracuse
70%
Darrell K Royal-Texas Memorial StadiumTexas
70%
Husky StadiumWashington
70%
Doak Campbell StadiumFlorida State
69%
Bill Snyder Family Football StadiumKansas State
69%
Hard Rock StadiumMiami, FL
68%
Neyland StadiumTennessee
66%
Cajun FieldLouisiana-Lafayette
65%
Papa John's Cardinal StadiumLouisville
65%
Jordan-Hare StadiumAuburn
63%
Ben Hill Griffin StadiumFlorida
60%
Boone Pickens StadiumOklahoma State
60%
Sanford StadiumGeorgia
59%
Raymond James StadiumUSF
57%
Aggie Memorial StadiumNew Mexico State
56%
Falcon FieldAir Force
55%
Lincoln Financial FieldTemple
55%
Kinnick StadiumIowa
52%
Liberty Bowl Memorial StadiumMemphis
52%
Sun Bowl StadiumUTEP
52%
Bobby Dodd StadiumGeorgia Tech
50%
Qualcomm StadiumSan Diego State
49%
Kibbie DomeIdaho
48%
Amon G. Carter StadiumTCU
45%
LaVell Edwards StadiumBYU
43%
Folsom FieldColorado
43%
Lane StadiumVirginia Tech
43%
Ryan FieldNorthwestern
42%
Huskie StadiumNorthern Illinois
41%
Jones AT&T StadiumTexas Tech
41%
Bulldog StadiumFresno State
40%
UB StadiumBuffalo
39%
Williams-Brice StadiumSouth Carolina
39%
Legion FieldUAB
39%
Jack Trice StadiumIowa State
38%
Vaught-Hemingway StadiumOle Miss
37%
Bobcat StadiumTexas State
35%
Rice-Eccles StadiumUtah
35%
Michie StadiumArmy
34%
McLane StadiumBaylor
34%
Nippert StadiumCincinnati
34%
Carter-Finley StadiumNC State
34%
TCF Bank StadiumMinnesota
33%
Davis Wade StadiumMississippi State
32%
Reser StadiumOregon State
32%
Gerald J. Ford StadiumSMU
32%
Glass BowlToledo
32%
Ross-Ade StadiumPurdue
31%
BB&T FieldWake Forest
30%
Alumni StadiumBoston College
28%
Bright House Networks StadiumUCF
28%
Commonwealth StadiumKentucky
27%
Faurot FieldMissouri
26%
Sam Boyd StadiumUNLV
26%
Wallace Wade StadiumDuke
25%
TDECU StadiumHouston
23%
Milan Puskar StadiumWest Virginia
23%
Apogee StadiumNorth Texas
21%
Scott StadiumVirginia
21%
Martin StadiumWashington State
21%
Kenan Memorial StadiumNorth Carolina
20%
High Point Solutions StadiumRutgers
19%
Ladd Peebles StadiumSouth Alabama
19%
Dix StadiumKent State
18%
Yulman StadiumTulane
17%
Rentschler StadiumConnecticut
15%
Dowdy-Ficklen StadiumEast Carolina
15%
Waldo StadiumWestern Michigan
15%
Kidd Brewer StadiumAppalachian State
14%
Doyt Perry StadiumBowling Green
14%
Kelly/Shorts StadiumCentral Michigan
14%
Joe Aillet StadiumLouisiana Tech
14%
Byrd StadiumMaryland
14%
Rynearson StadiumEastern Michigan
13%
Joan C. Edwards StadiumMarshall
13%
War Memorial StadiumWyoming
13%
Johnny "Red" Floyd StadiumMiddle Tennessee
12%
Peden StadiumOhio
12%
M.M. Roberts StadiumSouthern Miss
12%
Maverik StadiumUtah State
12%
Jerry Richardson StadiumCharlotte
11%
InfoCision StadiumAkron
10%
Schuemann StadiumBall State
10%
Jerry Richardson StadiumCharlotte
10%
Malone StadiumLouisiana-Monroe
10%
Yager StadiumMiami University
10%
Mackay StadiumNevada
10%
Warren McGuirk Alumni StadiumUMass
10%
Centennial Bank StadiumArkansas State
9%
Brooks StadiumCoastal Carolina
8%
University StadiumNew Mexico
8%
H.A. Chapman FieldTulsa
8%
Houchens Industries-L.T. Smith StadiumWestern Kentucky
8%
Paulson StadiumGeorgia Southern
5%
Foreman FieldOld Dominion
5%
Veterans Memorial StadiumTroy
5%

Score Distribution

Percentile by Number Answered

Percent of People with Each Score

Your Score History

You have not taken this quiz since the last reset